World of anterior ceramic restorations / (Record no. 21389)
[ view plain ]
| 000 -LEADER | |
|---|---|
| fixed length control field | 00976cam a22002895a 4500 |
| 001 - CONTROL NUMBER | |
| control field | ocn801415536 |
| 003 - CONTROL NUMBER IDENTIFIER | |
| control field | OSt |
| 005 - DATE AND TIME OF LATEST TRANSACTION | |
| control field | 20161225132415.0 |
| 008 - FIXED-LENGTH DATA ELEMENTS--GENERAL INFORMATION | |
| fixed length control field | 120723t2011 ko a fr 000 0 mul d |
| 020 ## - INTERNATIONAL STANDARD BOOK NUMBER | |
| International Standard Book Number | 9788957412077 |
| 035 ## - SYSTEM CONTROL NUMBER | |
| System control number | (OCoLC)ocn801415536 |
| 035 ## - SYSTEM CONTROL NUMBER | |
| System control number | (OCoLC)801415536 |
| 040 ## - CATALOGING SOURCE | |
| Original cataloging agency | UOH |
| Language of cataloging | eng |
| Transcribing agency | UOH |
| Modifying agency | GZQ |
| -- | OCLCO |
| -- | IUD |
| -- | EG-ScBUE |
| 041 0# - LANGUAGE CODE | |
| Language code of text/sound track or separate title | eng |
| -- | ger |
| -- | jpn |
| -- | kor |
| Language code of original and/or intermediate translations of text | eng |
| -- | kor |
| 082 04 - DEWEY DECIMAL CLASSIFICATION NUMBER | |
| Classification number | 617.695 |
| Item number | KOH |
| Edition number | 22 |
| 100 1# - MAIN ENTRY--PERSONAL NAME | |
| Personal name | Koh, Yeojoon. |
| 9 (RLIN) | 39532 |
| 245 10 - TITLE STATEMENT | |
| Title | World of anterior ceramic restorations / |
| Statement of responsibility, etc | Yeojoon Koh. |
| 250 ## - EDITION STATEMENT | |
| Edition statement | 1st ed. |
| 260 ## - PUBLICATION, DISTRIBUTION, ETC. (IMPRINT) | |
| Place of publication, distribution, etc | Seoul : |
| Name of publisher, distributor, etc | DaehanNarae Pub., |
| Date of publication, distribution, etc | c.2011. |
| 300 ## - PHYSICAL DESCRIPTION | |
| Extent | 213 p. : |
| Other physical details | ill. (col.) ; |
| Dimensions | 21 cm.. |
| 546 ## - LANGUAGE NOTE | |
| Language note | Text in English and Korean with translations into German and Japanese ; foreword in French and Korean ; pref. in English and Korean. |
| 650 #7 - SUBJECT ADDED ENTRY--TOPICAL TERM | |
| Topical term or geographic name as entry element | Dental ceramic metals. |
| Source of heading or term | BUEsh |
| 9 (RLIN) | 39534 |
| 651 ## - SUBJECT ADDED ENTRY--GEOGRAPHIC NAME | |
| Source of heading or term | BUEsh |
| 653 ## - INDEX TERM--UNCONTROLLED | |
| Resource For college | |
| Arrived date list | March2016 |
| 650 #7 - SUBJECT ADDED ENTRY--TOPICAL TERM | |
| 9 (RLIN) | 39533 |
| Topical term or geographic name as entry element | Dental ceramics |
| Source of heading or term | BUEsh |
| 942 ## - ADDED ENTRY ELEMENTS (KOHA) | |
| Source of classification or shelving scheme | Dewey Decimal Classification |
| Withdrawn status | Item status | Source of classification or shelving scheme | Damaged status | Not for loan | Vendor | Home library | Current library | Shelving location | Date acquired | Source of acquisition | Cost, normal purchase price | Serial Enumeration / chronology | Total Checkouts | Full call number | Barcode | Date last seen | Cost, replacement price | Koha item type |
|---|---|---|---|---|---|---|---|---|---|---|---|---|---|---|---|---|---|---|
| Dewey Decimal Classification | Central Library | Central Library | First floor | 13/03/2016 | Purchase | 1200.00 | 582 | 617.695 KOH | 000032023 | 15/07/2025 | 1500.00 | Book - Borrowing |